000 02158nam a2200469 4500
003 EG-GICUC
005 20260121101206.0
008 251110s2025 ua ||||fr|||| 000 0 ara d
040 _aEG-GICUC
_cEG-GICUC
_dEG-GICUC
_erda
_bara
041 0 _aara
_dara
049 _aإيداع
082 0 4 _a343.317
_221
097 _aPh.D
099 _aLaw 10 PHD 2025
100 0 _aمبروك محمد علام مهران
_eمؤلف.
245 1 0 _aالحد من اثار البطلان فى قانون الاجراءات الجنائية والفقه الاسلامى :
_bدراسة مقارنة /
_cاعداد مبروك محمد علام مهران ؛ اشراف عمر محمد محمد سالم -محمد يوسف حفنى .
264 0 _aالقاهرة :
_bكلية الحقوق - جامعة القاهرة,
_c2025.
300 _a480 صفحة :
_billustrations ; إيضاحيات ؛
_c30 cm. +
_eCD.
336 _atext
_2rda content
337 _aComputer
_2rda media
338 _aOnline Resource
_2rda carrier
502 _a أطروحة (دكتوراه)-جامعة القاهرة، 2025.
504 _aيشتمل على إرجاعات بيبليوجرافية: 431-474 صفحة
546 _aالنص بالعربية والملخص بالإنجليزية.
650 0 4 _aبطلان الإجراءات الجنائية
_2qrmak
653 0 _aفقه اسلامي
653 0 _aتصحيح الاجراءات
653 0 _aاثار البطلان
653 0 _aالبطلان
653 0 _aتحقيق الغاية
653 0 _aعمل اجرائي
655 4 _aرسائل جامعية
_zجامعة القاهرة
700 0 _aعمر محمد محمد سالم
_eAnnotateur
700 0 _aمحمد يوسف حفنى
_eAnnotateur
700 0 _aزكي زكي حسين زيدان
_eAnnotateur
700 0 _aأحمد عوض بلال
_eAnnotateur
710 2 _aجامعة القاهرة
_bكلية الحقوق
856 _uhttps://fll.law.cu.edu.eg/fulltext/th/T10-04168.pdf
900 _b01-01-2023
_Uجامعة القاهرة Cairo University
_Fكلية Faculty of
_Dقسم Department of
905 _a31
942 _2ddc
_n0
_cTH
_e21
999 _c42360